000 00358nam a2200145Ia 4500
008 230917s9999||||xx |||||||||||||| ||und||
040 _e42392
_aMAIN
041 _aEnglish
082 _a942.083 W734G
100 _aWinter, J M
245 4 _aThe great war and the British people
260 _aLondon
_bMacmillan
_c1986
300 _axiv, 360 p.
942 _cBK
999 _c56622
_d56622